[Event "Titled Tuesday intern op 16th Apr Early"]
[Site "Chess.com INT"]
[Date "2024.04.16"]
[Round "4"]
[White "Agibileg, Uurtsaikh"]
[Black "Nasir, Zehn"]
[Result "1-0"]
[WhiteElo "2442"]
[BlackElo "2057"]
[PlyCount "93"]
[EventDate "2024.04.16"]
[EventType "swiss (blitz)"]
[EventRounds "11"]
[EventCountry "USA"]
[SourceTitle "CB17_2024"]
[SourceDate "2024.04.24"]
[SourceVersion "1"]
[SourceVersionDate "2024.04.24"]
[SourceQuality "1"]

1. d4 Nf6 2. c4 c5 3. d5 e6 4. Nc3 exd5 5. cxd5 d6 6. e4 g6 7. Bd3 a6 8. a4 Bg7 9. h3 Nbd7 10. Nf3 Nh5 11. Bg5 Bf6 12. Be3 Ne5 13. Be2 Nxf3+ 14. Bxf3 Ng7 15. Bf4 0-0 16. 0-0 Qe7 17. Re1 Be5 18. Bxe5 Qxe5 19. a5 Bd7 20. Bg4 Bxg4 21. hxg4 Rae8 22. Na4 h5 23. Rb1 Qg5 24. gxh5 Nxh5 25. Nb6 Kg7 26. Qf3 Rh8 27. g3 Nf6 28. Kg2 Ng4 29. Rh1 Ne5 30. Qc3 Qf6 31. f4 Ng4 32. Kf3 Nh2+ 33. Kg2 Ng4 34. Rxh8 Rxh8 35. Qxf6+ Nxf6 36. e5 dxe5 37. fxe5 Ng4 38. Re1 f5 39. d6 Rh2+ 40. Kg1 Rd2 41. d7 Kf7 42. e6+ Ke7 43. Nc8+ Kf6 44. e7 Ne5 45. Rxe5 Kxe5 46. e8Q+ Kd4 47. d8Q+ 1-0

[Event "Titled Tuesday intern op 02nd Apr Early"]
[Site "Chess.com INT"]
[Date "2024.04.02"]
[Round "2"]
[White "Nasir, Zehn"]
[Black "Bornholdt, Joa Max"]
[Result "1-0"]
[WhiteElo "2057"]
[BlackElo "2268"]
[PlyCount "59"]
[EventDate "2024.04.02"]
[EventType "swiss (blitz)"]
[EventRounds "11"]
[EventCountry "USA"]
[SourceTitle "CB15_2024"]
[SourceDate "2024.04.10"]
[SourceVersion "1"]
[SourceVersionDate "2024.04.10"]
[SourceQuality "1"]

1. d4 Nf6 2. Bf4 c6 3. e3 g6 4. Nc3 Bg7 5. Nf3 0-0 6. h4 d6 7. Bd3 Bg4 8. Qd2 Nbd7 9. Nh2 e5 10. Bg5 h6 11. Nxg4 hxg5 12. Nxf6+ Bxf6 13. hxg5 Bxg5 14. d5 Nc5 15. 0-0-0 Rc8 16. Kb1 a6 17. f4 Bf6 18. f5 Kg7 19. fxg6 fxg6 20. Rdf1 Qe7 21. Ne4 Nxe4 22. Bxe4 cxd5 23. Qxd5 Rc5 24. Qd3 d5 25. Bxg6 e4 26. Qe2 Qe5 27. c3 Kxg6 28. Qg4+ Qg5 29. Qd7 Rcc8 30. Qh7# 1-0

[Event "Titled Tuesday intern op 19th Dec Early"]
[Site "Chess.com INT"]
[Date "2023.12.19"]
[Round "1"]
[White "Nasir, Zehn"]
[Black "Korol, Dimitry"]
[Result "1-0"]
[WhiteElo "2057"]
[BlackElo "2287"]
[PlyCount "147"]
[EventDate "2023.12.19"]
[EventType "swiss (blitz)"]
[EventRounds "11"]
[EventCountry "USA"]
[SourceTitle "CB52_2023"]
[SourceDate "2023.12.27"]
[SourceVersion "1"]
[SourceVersionDate "2023.12.27"]
[SourceQuality "1"]

1. d4 Nf6 2. Bf4 c5 3. e3 Qb6 4. b3 d5 5. Nf3 g6 6. c3 Bg7 7. Nbd2 0-0 8. Bd3 Nc6 9. 0-0 Rd8 10. h3 Bd7 11. Qe2 Rac8 12. Ne5 Be8 13. Nxc6 Bxc6 14. Be5 a6 15. Rac1 Nd7 16. Bxg7 Kxg7 17. f4 Bb5 18. f5 Bxd3 19. Qxd3 Nf6 20. Rf3 Rf8 21. Rcf1 Qd6 22. Rf4 b5 23. Nf3 cxd4 24. cxd4 Ne4 25. Ne5 f6 26. Ng4 g5 27. Rxe4 dxe4 28. Qxe4 Rcd8 29. h4 h6 30. hxg5 hxg5 31. Kf2 Rh8 32. Rc1 Rd7 33. Qf3 Qd5 34. Rc6 Qxf3+ 35. Kxf3 Ra8 36. Nf2 a5 37. Ne4 Kf7 38. Nc5 Rda7 39. d5 Rd8 40. e4 Rd6 41. Rc8 Rb6 42. Ne6 Rxe6 43. dxe6+ Kg7 44. Rd8 Ra6 45. Rd7 Kf8 46. Ke3 b4 47. Rd5 a4 48. Kd3 axb3 49. axb3 Ra2 50. Rd8+ Kg7 51. Re8 Rxg2 52. Rxe7+ Kg8 53. Rb7 Rg1 54. e7 Kf7 55. Rxb4 Kxe7 56. Ke3 Re1+ 57. Kf3 Rb1 58. Rb6 Kf7 59. Rb7+ Kf8 60. b4 Rb3+ 61. Kg4 Kg8 62. Kh5 Re3 63. Kg6 Kf8 64. Kxf6 Ke8 65. e5 g4 66. e6 Kd8 67. Rb8+ Kc7 68. Rg8 g3 69. e7 Kd7 70. Rd8+ Kc7 71. e8Q Rxe8 72. Rxe8 g2 73. Rg8 g1Q 74. Rxg1 1-0

[Event "Titled Tuesday intern op 14th Nov Early"]
[Site "Chess.com INT"]
[Date "2023.11.14"]
[Round "5"]
[White "Nasir, Zehn"]
[Black "Materia, Marco"]
[Result "0-1"]
[WhiteElo "2057"]
[BlackElo "2426"]
[PlyCount "104"]
[EventDate "2023.11.14"]
[EventType "swiss (blitz)"]
[EventRounds "11"]
[EventCountry "USA"]
[SourceTitle "CB47_2023"]
[SourceDate "2023.11.22"]
[SourceVersion "1"]
[SourceVersionDate "2023.11.22"]
[SourceQuality "1"]

1. d4 Nf6 2. Bf4 d6 3. e3 Nbd7 4. Nf3 b6 5. Nc3 Bb7 6. Bc4 e6 7. 0-0 Be7 8. Re1 d5 9. Bd3 0-0 10. Ne5 Nxe5 11. dxe5 Nd7 12. Qh5 g6 13. Qh6 Re8 14. Rad1 Bf8 15. Qh3 Bg7 16. Qg3 Qe7 17. h4 Nc5 18. h5 Nxd3 19. cxd3 Qf8 20. d4 a6 21. Kh2 c5 22. Rh1 cxd4 23. exd4 Rac8 24. Qe3 b5 25. a3 b4 26. axb4 Qxb4 27. Rd2 Rc4 28. Kg3 Rec8 29. f3 a5 30. hxg6 fxg6 31. Bh6 Bh8 32. Bg5 Qf8 33. Rh4 Qf5 34. Kf2 Qf7 35. Rf4 Qd7 36. Bf6 a4 37. Bxh8 Kxh8 38. Ne2 Ba6 39. Rf6 Rc2 40. Qh6 Qg7 41. Qf4 g5 42. Qe3 g4 43. Rxc2 Rxc2 44. Qf4 Rxe2+ 45. Kg1 Kg8 46. Rxe6 Bb5 47. Rb6 Be8 48. Rb8 Qg6 49. Qf6 Qxf6 50. Rxe8+ Qf8 51. Rxf8+ Kxf8 52. Kf1 Rxb2 0-1

[Event "Titled Tuesday intern op 14th Nov Early"]
[Site "Chess.com INT"]
[Date "2023.11.14"]
[Round "4"]
[White "Sadhwani, Raunak"]
[Black "Nasir, Zehn"]
[Result "1-0"]
[WhiteElo "2650"]
[BlackElo "2057"]
[PlyCount "112"]
[EventDate "2023.11.14"]
[EventType "swiss (blitz)"]
[EventRounds "11"]
[EventCountry "USA"]
[SourceTitle "CB47_2023"]
[SourceDate "2023.11.22"]
[SourceVersion "1"]
[SourceVersionDate "2023.11.22"]
[SourceQuality "1"]

1. a3 d5 2. d4 Nf6 3. Nf3 Bf5 4. Bg5 e6 5. e3 c6 6. c4 Nbd7 7. Nc3 Bd6 8. Be2 0-0 9. Nh4 h6 10. Nxf5 exf5 11. Bh4 Qe8 12. Qc2 Ne4 13. cxd5 Nxc3 14. bxc3 g5 15. dxc6 bxc6 16. Bg3 Bxg3 17. hxg3 Qe6 18. Bd3 f4 19. Bf5 Qe7 20. Rxh6 Nf6 21. gxf4 gxf4 22. e4 Kg7 23. Rh3 Rh8 24. e5 Rxh3 25. Bxh3 Nd5 26. Bg4 Rh8 27. Ke2 f3+ 28. Kxf3 Qg5 29. g3 Rh2 30. Re1 f6 31. c4 Ne7 32. exf6+ Qxf6+ 33. Ke3 Qg5+ 34. Kd3 Qxg4 35. Rxe7+ Kf6 36. Re3 Qf5+ 37. Kc3 Qxc2+ 38. Kxc2 Rxf2+ 39. Kc3 Ra2 40. Kb4 Rd2 41. Kc5 Kf5 42. Re5+ Kf6 43. Re3 Rc2 44. g4 a5 45. Rd3 a4 46. Re3 Kg5 47. Re6 Rc3 48. Rxc6 Rxa3 49. Ra6 Ra1 50. d5 a3 51. Kd6 Kxg4 52. c5 Kf4 53. c6 Ke4 54. c7 Rd1 55. Ra4+ Ke3 56. c8Q Rc1 1-0

[Event "Titled Tuesday intern op 26th Sep Late"]
[Site "Chess.com INT"]
[Date "2023.09.26"]
[Round "4"]
[White "Nasir, Zehn"]
[Black "Ashraf, Artin"]
[Result "0-1"]
[WhiteElo "2057"]
[BlackElo "2340"]
[PlyCount "94"]
[EventDate "2023.09.26"]
[EventType "swiss (blitz)"]
[EventRounds "11"]
[EventCountry "USA"]
[SourceTitle "EXT 2024"]
[Source "ChessBase"]
[SourceDate "2023.10.10"]
[SourceVersion "1"]
[SourceVersionDate "2023.10.10"]
[SourceQuality "1"]

1. d4 g6 2. Bf4 d6 3. Nc3 Bg7 4. Nf3 a6 5. e4 b5 6. Qd2 Bb7 7. a3 Nd7 8. h4 Ngf6 9. e5 Nd5 10. Nxd5 Bxd5 11. Be2 h5 12. 0-0-0 Qb8 13. Ng5 e6 14. exd6 cxd6 15. Bf3 Nb6 16. Qb4 Bxf3 17. Bxd6 Qd8 18. gxf3 Nd5 19. Qc5 Qd7 20. Rhe1 Kd8 21. Bg3 Bf8 22. Nxf7+ Qxf7 23. Qc6 Rc8 24. Qxa6 Qd7 25. Rxe6 Be7 26. Rde1 Rh7 27. Qa5+ Ke8 28. Bd6 Kf8 29. Bxe7+ Rxe7 30. Rxe7 Nxe7 31. Qd2 Kg7 32. Qg5 Nf5 33. Qf4 Qc7 34. Qd2 Nxh4 35. c3 Nxf3 36. Qe2 Nxe1 37. Qxe1 Qf4+ 38. Kb1 Qf5+ 39. Ka1 Rf8 40. Qe2 h4 41. f4 h3 42. Qe7+ Rf7 43. Qh4 Qe6 44. Kb1 Qe4+ 45. Ka1 Qg2 46. f5 Rxf5 47. Qe7+ Rf7 0-1

[Event "Titled Tuesday intern op 19th Sep Late"]
[Site "Chess.com INT"]
[Date "2023.09.19"]
[Round "11"]
[White "Nasir, Zehn"]
[Black "Goryachkina, Aleksandra"]
[Result "0-1"]
[WhiteElo "2057"]
[BlackElo "2558"]
[PlyCount "76"]
[EventDate "2023.09.19"]
[EventType "swiss (blitz)"]
[EventRounds "11"]
[EventCountry "USA"]
[SourceTitle "EXT 2024"]
[Source "ChessBase"]
[SourceDate "2023.10.10"]
[SourceVersion "1"]
[SourceVersionDate "2023.10.10"]
[SourceQuality "1"]

1. d4 Nf6 2. Bg5 Ne4 3. Bf4 d5 4. f3 Nf6 5. e4 e6 6. Nc3 Bb4 7. e5 Nfd7 8. a3 Bxc3+ 9. bxc3 c5 10. h4 Qa5 11. Qd2 b6 12. h5 h6 13. g4 Ba6 14. Ne2 Nc6 15. Be3 Qa4 16. f4 Na5 17. Ng3 Bxf1 18. Rxf1 Nc4 19. Qe2 0-0-0 20. f5 Qa5 21. Bd2 Kb8 22. Rf3 Rc8 23. fxe6 fxe6 24. Rf7 Rc7 25. Rxg7 Nxd2 26. Qxd2 Nxe5 27. Qf4 Qxc3+ 28. Ke2 Qxc2+ 29. Kf1 Qd3+ 30. Kg2 Qxd4 31. Qf6 Rhc8 32. Rxc7 Rxc7 33. Re1 Nxg4 34. Qxd4 cxd4 35. Rxe6 d3 36. Rd6 d2 37. Rxd5 Ne3+ 38. Kf3 Nxd5 0-1

[Event "Titled Tuesday intern op 19th Sep Late"]
[Site "Chess.com INT"]
[Date "2023.09.19"]
[Round "2"]
[White "Nasir, Zehn"]
[Black "Zhigalko, Sergei"]
[Result "1/2-1/2"]
[WhiteElo "2057"]
[BlackElo "2572"]
[PlyCount "119"]
[EventDate "2023.09.19"]
[EventType "swiss (blitz)"]
[EventRounds "11"]
[EventCountry "USA"]
[SourceTitle "EXT 2024"]
[Source "ChessBase"]
[SourceDate "2023.10.10"]
[SourceVersion "1"]
[SourceVersionDate "2023.10.10"]
[SourceQuality "1"]

1. d4 Nf6 2. Bf4 d5 3. e3 c5 4. c3 Nc6 5. Nd2 Bf5 6. Qb3 Qd7 7. Ngf3 c4 8. Qd1 e6 9. Nh4 Bd6 10. Nxf5 exf5 11. Qf3 Bxf4 12. Qxf4 0-0 13. g3 Rfe8 14. Bh3 g6 15. 0-0 Re7 16. b3 b5 17. bxc4 dxc4 18. Rfb1 Nd5 19. Qf3 Nxc3 20. Rc1 Nd5 21. Bg2 Rd8 22. a4 a6 23. axb5 axb5 24. Rab1 Ncb4 25. h4 h5 26. Qe2 Na2 27. Bxd5 Nxc1 28. Bxf7+ Kxf7 29. Rxc1 Qxd4 30. Nf3 Qf6 31. Rb1 Rd5 32. Rxb5 Rxb5 33. Qxc4+ Kg7 34. Qxb5 Rc7 35. Ng5 Re7 36. Qb3 Qd6 37. Kh2 Qe5 38. Qb6 Qf6 39. Qb5 Rc7 40. Qb3 Rd7 41. Ne6+ Kh8 42. Ng5 Qe7 43. Qb8+ Kg7 44. Qb6 Rd6 45. Qc5 Kg8 46. Qc4+ Kf8 47. Qc3 Kg8 48. Qb2 Rf6 49. Qb3+ Kg7 50. Qc4 Qd7 51. Qc3 Qc6 52. Qe5 Qb7 53. Qd4 Qe7 54. Qc3 Kg8 55. Qc4+ Kf8 56. Qc3 Kg8 57. Qc4+ Kg7 58. Qc3 Qd7 59. Qb2 Qe7 60. Qc3 1/2-1/2

[Event "Titled Tuesday intern op 22nd Aug Early"]
[Site "Chess.com INT"]
[Date "2023.08.22"]
[Round "5"]
[White "Harsh, Suresh"]
[Black "Nasir, Zehn"]
[Result "1-0"]
[WhiteElo "2324"]
[BlackElo "2057"]
[PlyCount "119"]
[EventDate "2023.08.22"]
[EventType "swiss (blitz)"]
[EventRounds "11"]
[EventCountry "USA"]
[SourceTitle "EXT 2024"]
[Source "ChessBase"]
[SourceDate "2023.10.10"]
[SourceVersion "1"]
[SourceVersionDate "2023.10.10"]
[SourceQuality "1"]

1. d4 Nf6 2. c4 c5 3. Nf3 cxd4 4. Nxd4 e5 5. Nf3 Nc6 6. g3 d5 7. cxd5 Qxd5 8. Qxd5 Nxd5 9. Bg2 Be6 10. 0-0 f6 11. Rd1 Rd8 12. Ne1 Bc5 13. Nd3 Bb6 14. Bd2 Nd4 15. Na3 Nxe2+ 16. Kf1 Nd4 17. Rac1 0-0 18. Nc4 Bg4 19. Re1 Bf5 20. Nb4 Nxb4 21. Bxb4 Bd3+ 22. Kg1 Ne2+ 23. Rxe2 Bxe2 24. Bxf8 Rc8 25. Bxb7 Rxc4 26. Bd5+ Kxf8 27. Bxc4 Bf3 28. Kf1 Ke7 29. Bd3 Bd5 30. b3 e4 31. Bxe4 Bxe4 32. Re1 f5 33. f3 Ba5 34. Re2 Kf6 35. fxe4 g6 36. exf5 gxf5 37. Kg2 Bb6 38. Kf3 h5 39. b4 Kg5 40. b5 h4 41. a4 hxg3 42. hxg3 Bc7 43. Re7 Bb6 44. Re6 Bc5 45. Rc6 Bd4 46. a5 f4 47. gxf4+ Kf5 48. Rd6 Bg1 49. Rd5+ Ke6 50. Ke4 Bf2 51. f5+ Kf6 52. b6 axb6 53. axb6 Ke7 54. b7 Bg3 55. Re5+ Kf6 56. b8Q Bxe5 57. Qxe5+ Kg5 58. Qg7+ Kh5 59. Kf4 Kh4 60. Qh6# 1-0

[Event "Titled Tuesday intern op 22nd Aug Early"]
[Site "Chess.com INT"]
[Date "2023.08.22"]
[Round "8"]
[White "Mazurkiewicz, Michal"]
[Black "Nasir, Zehn"]
[Result "0-1"]
[WhiteElo "2145"]
[BlackElo "2057"]
[PlyCount "102"]
[EventDate "2023.08.22"]
[EventType "swiss (blitz)"]
[EventRounds "11"]
[EventCountry "USA"]
[SourceTitle "EXT 2024"]
[Source "ChessBase"]
[SourceDate "2023.10.10"]
[SourceVersion "1"]
[SourceVersionDate "2023.10.10"]
[SourceQuality "1"]

1. e4 c6 2. d3 d5 3. Nd2 e5 4. Ngf3 Bg4 5. h3 Bxf3 6. Qxf3 Nf6 7. g4 h6 8. Bg2 Nbd7 9. 0-0 dxe4 10. Nxe4 Nxe4 11. Qxe4 Bc5 12. b4 Bd4 13. Rb1 a6 14. a4 Nf6 15. Qf3 Nd5 16. b5 axb5 17. axb5 Nc3 18. bxc6 Nxb1 19. cxb7 Rb8 20. Qc6+ Qd7 21. Qa6 0-0 22. Be3 Nc3 23. Bxd4 Qxd4 24. Kh1 Rfe8 25. Ra1 Qxf2 26. Qc6 Qd4 27. Ra8 Red8 28. Rxb8 Rxb8 29. Qc8+ Rxc8 30. bxc8Q+ Kh7 31. Qc4 Kg6 32. Be4+ Nxe4 33. Qxd4 exd4 34. dxe4 Kg5 35. Kg2 Kf4 36. Kf2 Kxe4 37. Ke2 g6 38. h4 Kf4 39. Kd3 Ke5 40. Kc4 Ke4 41. Kc5 f5 42. h5 gxh5 43. gxf5 Kxf5 44. Kxd4 Kf4 45. c4 h4 46. c5 h3 47. c6 h2 48. c7 h1Q 49. c8Q Qd1+ 50. Kc3 Qc1+ 51. Kd3 Qxc8 0-1

[Event "Titled Tuesday intern op 22nd Aug Early"]
[Site "Chess.com INT"]
[Date "2023.08.22"]
[Round "7"]
[White "Nasir, Zehn"]
[Black "Tari, Aryan"]
[Result "0-1"]
[WhiteElo "2057"]
[BlackElo "2629"]
[PlyCount "92"]
[EventDate "2023.08.22"]
[EventType "swiss (blitz)"]
[EventRounds "11"]
[EventCountry "USA"]
[SourceTitle "EXT 2024"]
[Source "ChessBase"]
[SourceDate "2023.10.10"]
[SourceVersion "1"]
[SourceVersionDate "2023.10.10"]
[SourceQuality "1"]

1. d4 Nf6 2. Bf4 g6 3. Nc3 d5 4. Nf3 Bg7 5. h4 h5 6. e3 c6 7. Ne5 b5 8. Bd3 Ng4 9. Qd2 Nxe5 10. Bxe5 Bxe5 11. dxe5 Na6 12. e4 d4 13. Ne2 Nc5 14. Qb4 Ne6 15. f4 a6 16. c4 c5 17. Qd2 Nc7 18. b4 Be6 19. Rc1 bxc4 20. Bxc4 Bxc4 21. Rxc4 d3 22. Nc1 cxb4 23. Qxd3 Ne6 24. Qe3 Rc8 25. Rxc8 Qxc8 26. 0-0 Qc5 27. Kf2 Kd7 28. Rd1+ Kc6 29. Nb3 Qxe3+ 30. Kxe3 Nc7 31. Rc1+ Kb6 32. Rd1 a5 33. Rd7 a4 34. Nd2 Nb5 35. Rxe7 Nc3 36. Rxf7 Nxa2 37. e6 Nc3 38. e7 Re8 39. f5 gxf5 40. exf5 a3 41. Nb3 Nd5+ 42. Kd4 Nxe7 43. Kc4 Nc6 44. Rf6 Re4+ 45. Kd3 Rg4 46. Rg6 Rxh4 0-1

[Event "Titled Tuesday intern op 01st Aug Early"]
[Site "Chess.com INT"]
[Date "2023.08.01"]
[Round "7"]
[White "Nasir, Zehn"]
[Black "Estrada Nieto, Julian"]
[Result "0-1"]
[WhiteElo "2057"]
[BlackElo "2217"]
[PlyCount "76"]
[EventDate "2023.08.01"]
[EventType "swiss (blitz)"]
[EventRounds "11"]
[EventCountry "USA"]
[SourceTitle "EXT 2024"]
[Source "ChessBase"]
[SourceDate "2023.10.10"]
[SourceVersion "1"]
[SourceVersionDate "2023.10.10"]
[SourceQuality "1"]

1. d4 d5 2. Bf4 Nf6 3. e3 c5 4. c3 Nc6 5. Nd2 e6 6. Ngf3 h6 7. Ne5 Nxe5 8. dxe5 Nd7 9. Bd3 Be7 10. Qg4 g5 11. Bg3 h5 12. Qf3 h4 13. 0-0-0 hxg3 14. hxg3 Rxh1 15. Rxh1 Nxe5 16. Rh8+ Bf8 17. Bb5+ Bd7 18. Bxd7+ Qxd7 19. Qh5 0-0-0 20. Qxg5 Nd3+ 21. Kc2 Nxf2 22. Qf4 d4 23. Qxf2 dxc3 24. bxc3 Qd3+ 25. Kd1 Qb1+ 26. Ke2 Qd3+ 27. Ke1 Qxc3 28. e4 Qc1+ 29. Ke2 Rxd2+ 30. Kf3 Rxf2+ 31. Kxf2 Qd2+ 32. Kf3 Qd6 33. e5 Qe7 34. g4 Kc7 35. g5 Bg7 36. Rh7 Bxe5 37. g6 Qf6+ 38. Ke2 Qxg6 0-1

[Event "Titled Tuesday intern op 01st Aug Early"]
[Site "Chess.com INT"]
[Date "2023.08.01"]
[Round "2"]
[White "Nasir, Zehn"]
[Black "Firouzja, Alireza"]
[Result "0-1"]
[WhiteElo "2057"]
[BlackElo "2777"]
[PlyCount "110"]
[EventDate "2023.08.01"]
[EventType "swiss (blitz)"]
[EventRounds "11"]
[EventCountry "USA"]
[SourceTitle "EXT 2024"]
[Source "ChessBase"]
[SourceDate "2023.10.10"]
[SourceVersion "1"]
[SourceVersionDate "2023.10.10"]
[SourceQuality "1"]

1. d4 Nf6 2. Bf4 g6 3. Nc3 d5 4. Nf3 Bg7 5. e3 0-0 6. Qd2 c5 7. 0-0-0 cxd4 8. exd4 Nc6 9. Ne5 Bf5 10. Kb1 Rc8 11. f3 Nb4 12. Bd3 Nxd3 13. Nxd3 Qb6 14. g4 Bxd3 15. Qxd3 e6 16. h4 Rc4 17. Ne2 Rfc8 18. c3 h5 19. Be5 hxg4 20. Bxf6 Bxf6 21. fxg4 e5 22. dxe5 Bxe5 23. Qxd5 Bxc3 24. Nxc3 Rxc3 25. h5 Rc2 26. Qe5 R2c5 27. Qe4 Rc4 28. Qe5 Qf2 29. a3 R4c5 30. Qe4 Rb5 31. Qd4 Qxd4 32. Rxd4 gxh5 33. gxh5 Rc7 34. Rg4+ Kh7 35. Rh2 f5 36. Rf4 Kh6 37. a4 Re5 38. Rhf2 Rf7 39. Rh2 Re1+ 40. Ka2 Rg1 41. Kb3 Rg5 42. Rfh4 f4 43. Rf2 Rgf5 44. Ka3 Kg5 45. Rhh2 f3 46. h6 Rh7 47. Rh3 Kg4 48. Rh1 Kg3 49. Rff1 f2 50. b4 Kg2 51. a5 Rf6 52. Rb1 Rhxh6 53. Rhf1 Rf3+ 54. Ka4 a6 55. b5 Rh4+ 0-1

[Event "Titled Tuesday intern op 01st Aug Early"]
[Site "Chess.com INT"]
[Date "2023.08.01"]
[Round "6"]
[White "Popov, Konstantin"]
[Black "Nasir, Zehn"]
[Result "1-0"]
[WhiteElo "2376"]
[BlackElo "2057"]
[PlyCount "65"]
[EventDate "2023.08.01"]
[EventType "swiss (blitz)"]
[EventRounds "11"]
[EventCountry "USA"]
[SourceTitle "EXT 2024"]
[Source "ChessBase"]
[SourceDate "2023.10.10"]
[SourceVersion "1"]
[SourceVersionDate "2023.10.10"]
[SourceQuality "1"]

1. e4 c6 2. d4 d5 3. e5 Bf5 4. Bd3 Bxd3 5. Qxd3 e6 6. Ne2 c5 7. c3 Nc6 8. a3 Nge7 9. Nd2 Nf5 10. Nf3 Be7 11. 0-0 0-0 12. g4 Nh4 13. Nxh4 Bxh4 14. f4 cxd4 15. cxd4 f5 16. g5 h6 17. gxh6 gxh6 18. Qh3 Kh7 19. Kh1 Rg8 20. Be3 Rg6 21. Rg1 Qe7 22. Rxg6 Kxg6 23. Ng1 Qd8 24. Nf3 Be7 25. Rg1+ Kh7 26. Ng5+ Bxg5 27. fxg5 Qe7 28. g6+ Kg8 29. g7 f4 30. Qxh6 fxe3 31. Qh8+ Kf7 32. g8Q+ Rxg8 33. Qxg8# 1-0

[Event "Titled Tuesday intern op 27th Jun Late"]
[Site "Chess.com INT"]
[Date "2023.06.27"]
[Round "6"]
[White "Boyer, Mahel"]
[Black "Nasir, Zehn"]
[Result "1-0"]
[WhiteElo "2501"]
[BlackElo "2057"]
[PlyCount "71"]
[EventDate "2023.06.27"]
[EventType "swiss (blitz)"]
[EventRounds "11"]
[EventCountry "USA"]
[SourceTitle "EXT 2024"]
[Source "ChessBase"]
[SourceDate "2023.10.10"]
[SourceVersion "1"]
[SourceVersionDate "2023.10.10"]
[SourceQuality "1"]

1. e4 c6 2. Nf3 d5 3. exd5 cxd5 4. c4 Nf6 5. cxd5 Nxd5 6. Nc3 Nc6 7. Bc4 e6 8. 0-0 Be7 9. Re1 0-0 10. d4 Bf6 11. Ne4 b6 12. Nxf6+ Nxf6 13. Bg5 Bb7 14. Rc1 Rc8 15. Bd3 Nb4 16. Rxc8 Qxc8 17. Bxf6 Nxd3 18. Qxd3 gxf6 19. h3 Kh8 20. Qe3 Rg8 21. Qf4 Qd8 22. Rc1 Bxf3 23. Qxf3 Qxd4 24. Rc7 Qxb2 25. Rxf7 Qa1+ 26. Kh2 Qe5+ 27. g3 a5 28. Rxf6 b5 29. Rf7 Rg7 30. Qa8+ Rg8 31. Qxa5 Qc5 32. Qe1 e5 33. Qe4 Rg7 34. Qa8+ Rg8 35. Qb7 Qc4 36. Rxh7# 1-0

[Event "Titled Tuesday intern op 20th Jun Late"]
[Site "Chess.com INT"]
[Date "2023.06.20"]
[Round "4"]
[White "Kujawski, Adam"]
[Black "Nasir, Zehn"]
[Result "1-0"]
[WhiteElo "2173"]
[BlackElo "2057"]
[PlyCount "103"]
[EventDate "2023.06.20"]
[EventType "swiss (blitz)"]
[EventRounds "11"]
[EventCountry "USA"]
[SourceTitle "EXT 2024"]
[Source "ChessBase"]
[SourceDate "2023.10.10"]
[SourceVersion "1"]
[SourceVersionDate "2023.10.10"]
[SourceQuality "1"]

1. e4 c6 2. d4 d5 3. f3 Qb6 4. Nc3 dxe4 5. fxe4 e5 6. dxe5 Bc5 7. Bc4 Bxg1 8. Qf3 Be6 9. Bxe6 fxe6 10. Bg5 Nd7 11. 0-0-0 Bd4 12. Rhf1 Nh6 13. Qh5+ g6 14. Qxh6 Bxe5 15. Qh3 c5 16. Na4 Qc6 17. Qf3 Rf8 18. Qa3 Qxe4 19. Rxf8+ Kxf8 20. Rxd7 b6 21. Qf3+ Qf5 22. Qxf5+ exf5 23. Nc3 Kg8 24. Be7 Re8 25. Nd5 Bd4 26. Bf6 Re1+ 27. Kd2 Rg1 28. Bxd4 cxd4 29. Kd3 Rxg2 30. Kxd4 Rxc2 31. Ke5 Kf8 32. Nf6 Rc5+ 33. Kd6 Rc2 34. Nxh7+ Ke8 35. Nf6+ Kf8 36. Rxa7 Rxb2 37. Ke6 Re2+ 38. Kd6 Rxh2 39. a4 f4 40. Ke5 f3 41. Ke6 Re2+ 42. Kd5 f2 43. Nh7+ Ke8 44. Nf6+ Kd8 45. Rd7+ Kc8 46. Kc6 f1Q 47. Rc7+ Kd8 48. Rd7+ Kc8 49. Rc7+ Kb8 50. Nd7+ Ka8 51. Nxb6+ Kb8 52. Rb7# 1-0

[Event "Titled Tuesday intern op 30th May Early"]
[Site "Chess.com INT"]
[Date "2023.05.30"]
[Round "4"]
[White "Atoufi, Pedram"]
[Black "Nasir, Zehn"]
[Result "1/2-1/2"]
[WhiteElo "2261"]
[BlackElo "2057"]
[PlyCount "273"]
[EventDate "2023.05.30"]
[EventType "swiss (blitz)"]
[EventRounds "11"]
[EventCountry "USA"]
[SourceTitle "CBM 214 Extra"]
[Source "ChessBase"]
[SourceDate "2023.07.31"]
[SourceVersion "1"]
[SourceVersionDate "2023.07.31"]
[SourceQuality "1"]

1. e4 c6 2. Nf3 d5 3. e5 Bg4 4. d4 e6 5. Bd3 c5 6. Nbd2 Nc6 7. h3 Bxf3 8. Nxf3 cxd4 9. c3 dxc3 10. bxc3 Bc5 11. Rb1 Qc7 12. Bf4 Nge7 13. Nd4 a6 14. Qc2 Ng6 15. Bg3 Ngxe5 16. 0-0 Bd6 17. Nxc6 bxc6 18. Bxe5 Bxe5 19. Rfe1 g6 20. c4 0-0 21. cxd5 cxd5 22. Qxc7 Bxc7 23. Rec1 Bf4 24. Rc5 a5 25. Kf1 Bd6 26. Rc6 Bb4 27. g3 Rfc8 28. Rbc1 Rxc6 29. Rxc6 Ra7 30. Ke2 e5 31. Bc2 Kf8 32. Bb3 Rd7 33. Rb6 Ke7 34. Rb5 Ke6 35. f3 f5 36. Rb6+ Rd6 37. Rb7 h5 38. Rb5 e4 39. f4 Bc3 40. a3 a4 41. Bxa4 d4 42. Bb3+ Kf6 43. Rb7 d3+ 44. Ke3 Bd4+ 45. Kd2 g5 46. h4 gxf4 47. gxf4 Bf2 48. Rf7+ Kg6 49. Re7 e3+ 50. Rxe3 Bxe3+ 51. Kxe3 d2 52. Bd1 Ra6 53. a4 Rd6 54. Ke2 Rd4 55. a5 Rxf4 56. a6 Re4+ 57. Kxd2 Re6 58. Be2 Re7 59. Bd3 Kf6 60. Be2 Ra7 61. Ke3 Ke5 62. Bb5 f4+ 63. Kf3 Rc7 64. Be8 Rc3+ 65. Ke2 Ra3 66. Bxh5 Rxa6 67. Bf7 Rf6 68. Be8 Ra6 69. Kf3 Ra3+ 70. Ke2 Ke4 71. Bc6+ Kf5 72. Bd7+ Ke5 73. Kf2 Rg3 74. h5 Kd6 75. Bc8 Ke5 76. Bb7 Rg5 77. Bf3 Rg7 78. Be2 Kf5 79. h6 Rg8 80. h7 Rh8 81. Bd3+ Kg4 82. Be2+ Kg5 83. Bd3 Rd8 84. Be2 Kh6 85. Kf3 Rf8 86. h8Q+ Rxh8 87. Kxf4 Rf8+ 88. Ke4 Kg5 89. Bd3 Re8+ 90. Kd4 Kf4 91. Bb1 Rb8 92. Ba2 Ra8 93. Bd5 Rd8 94. Kc5 Ke5 95. Bf3 Rc8+ 96. Bc6 Rc7 97. Kb6 Kd6 98. Ba4 Rc1 99. Kb5 Ra1 100. Bb3 Rb1 101. Kc4 Rh1 102. Ba2 Rh3 103. Kd4 Rh4+ 104. Kd3 Kc5 105. Bb1 Rd4+ 106. Ke3 Rb4 107. Bg6 Kd5 108. Bh5 Ke5 109. Bf7 Ra4 110. Kd3 Ra7 111. Be8 Ra8 112. Bb5 Rb8 113. Ba6 Rb6 114. Bc4 Rb4 115. Bf7 Ra4 116. Bg6 Ra3+ 117. Kc4 Rg3 118. Bb1 Rg4+ 119. Kd3 Rg1 120. Ba2 Rg3+ 121. Kc4 Rg2 122. Bb1 Rb2 123. Bg6 Rb8 124. Bc2 Rc8+ 125. Kb3 Kd4 126. Bf5 Rb8+ 127. Kc2 Rb7 128. Bd3 Rb6 129. Bf5 Ra6 130. Bd7 Ra2+ 131. Kb3 Ra8 132. Ba4 Kc5 133. Bd7 Rh8 134. Be6 Rh6 135. Bf5 Rf6 136. Bg4 Rf4 137. Bf5 1/2-1/2

[Event "Titled Tuesday intern op 30th May Late"]
[Site "Chess.com INT"]
[Date "2023.05.30"]
[Round "1"]
[White "Kovacevic, Radmila"]
[Black "Nasir, Zehn"]
[Result "0-1"]
[WhiteElo "2106"]
[BlackElo "2057"]
[PlyCount "62"]
[EventDate "2023.05.30"]
[EventType "swiss (blitz)"]
[EventRounds "11"]
[EventCountry "USA"]
[SourceTitle "CBM 214 Extra"]
[Source "ChessBase"]
[SourceDate "2023.07.31"]
[SourceVersion "1"]
[SourceVersionDate "2023.07.31"]
[SourceQuality "1"]

1. e4 c6 2. Nf3 d5 3. exd5 cxd5 4. d4 Nc6 5. c3 Nf6 6. Bb5 Bd7 7. 0-0 e6 8. Re1 Be7 9. Bxc6 bxc6 10. Ne5 c5 11. Bg5 cxd4 12. cxd4 0-0 13. Nc3 Rb8 14. Rb1 Be8 15. h3 h6 16. Bxf6 Bxf6 17. Ng4 Be7 18. a3 Qc7 19. Qf3 Bb5 20. Qe3 Bg5 21. Nxb5 Rxb5 22. Qd3 Rfb8 23. b4 a5 24. Re2 axb4 25. Rc2 Qb7 26. axb4 Rxb4 27. Rxb4 Qxb4 28. Ne5 Bf4 29. Nc6 Qe1+ 30. Qf1 Rb1 31. Ne7+ Kh7 0-1